[Event "6th Agzamov Memorial"]
[Site "Tashkent UZB"]
[Date "2012.03.13"]
[Round "8"]
[White "Mchedlishvili,M"]
[Black "Ziatdinov,R"]
[Result "1-0"]
[WhiteElo "2626"]
[BlackElo "2368"]

1.Nf3 d5 2.g3 Nf6 3.Bg2 e6 4.O-O b6 5.c4 Bb7 6.cxd5 exd5 7.d4 Bd6 8.Nc3 O-O
9.Qc2 a6 10.Nh4 g6 11.Bg5 Be7 12.Rac1 Re8 13.Nf3 Nc6 14.Rfd1 Ne4 15.Bf4 Bf6
16.e3 Nxc3 17.Qxc3 g5 18.Be5 Be7 19.g4 Qd7 20.h3 Rac8 21.Qc2 Nb4 22.Qb1 c5
23.dxc5 bxc5 24.b3 Qe6 25.Ba1 Red8 26.Qb2 d4 27.exd4 Bxf3 28.Bxf3 Bf6 29.Qd2 Nd5
30.Re1 Qd7 31.dxc5 Bxa1 32.c6 Qd6 33.Rxa1 Qf4 34.Qxf4 Nxf4 35.Rad1 Nxh3+
36.Kf1 Rxd1 37.Rxd1 Nf4 38.Rd7 Ne6 39.Bd5 Kf8 40.Bxe6 fxe6 41.c7  1-0

[Event "Yerevan Armenia Spring 2012"]
[Site "Yerevan ARM"]
[Date "2012.03.13"]
[Round "5"]
[White "Drugov,P"]
[Black "Aghasaryan,R"]
[Result "0-1"]
[WhiteElo "2342"]
[BlackElo "2329"]

1.Nf3 d5 2.g3 c6 3.Bg2 Nf6 4.O-O Bg4 5.d3 e6 6.Nbd2 Be7 7.e4 O-O 8.h3 Bh5
9.b3 Nbd7 10.Bb2 b5 11.Qe2 h6 12.Rfe1 a5 13.a4 b4 14.g4 Bg6 15.Nd4 Qb6 16.Nf5 exf5
17.exf5 Bc5 18.fxg6 fxg6 19.Nf3 Rae8 20.Qd2 Qc7 21.g5 hxg5 22.Qxg5 Nh5 23.Qxg6 Ndf6
24.Be5 Bd6 25.Bxf6 Nxf6 26.Ng5 Bc5 27.Re6 Kh8 28.Kh1 Qd7 29.Rae1 Bxf2 30.R1e2 Rxe6
31.Rxe6 Bh4 32.Re5 Bxg5 33.Qxg5 Kg8 34.d4 Qf7 35.Qf5 Nd7 36.Qxf7+ Kxf7 37.Re3 Re8
38.Rxe8 Kxe8 39.Kh2 Nf8 40.Bf1 Ne6 41.Kg3 Ke7 42.Bd3 Nxd4 43.Kf4 Kf6 44.Ke3 Ke5
45.Bg6 c5 46.Kd3 Ne6 47.Ke3  0-1

[Event "UTD GM Invitational"]
[Site "Richardson USA"]
[Date "2012.03.14"]
[Round "7"]
[White "Kacheishvili,G"]
[Black "Holt,C"]
[Result "0-1"]
[WhiteElo "2612"]
[BlackElo "2499"]

1.Nf3 d5 2.g3 Bg4 3.Bg2 Nd7 4.O-O e6 5.d3 Ngf6 6.h3 Bh5 7.c4 c6 8.cxd5 cxd5
9.Nc3 Be7 10.Qb3 O-O 11.Be3 b6 12.Nd4 Bc5 13.f4 b5 14.Bf2 Qb6 15.e3 Bxd4
16.exd4 b4 17.Na4 Qb5 18.Rfe1 Rfc8 19.Bf1 a5 20.Rac1 Nb6 21.Nc5 a4 22.Qc2 b3
23.axb3 axb3 24.Qd2 Na4 25.Ra1 Bg6 26.Rec1 Nd7 27.g4 h6 28.Be2 Naxc5 29.Rxa8 Rxa8
30.dxc5 Nb8 31.Qc3 Nc6 32.Bd4 Ra4 33.Be5 f6 34.Bd6 Nd4 35.Bf1 Nf3+  0-1

[Event "European Ind w Rapid 2012"]
[Site "Gaziantep TUR"]
[Date "2012.03.15"]
[Round "3"]
[White "Khotenashvili,B"]
[Black "Molchanova,T"]
[Result "1-0"]
[WhiteElo "2490"]
[BlackElo "2346"]

1.Nf3 d5 2.g3 c6 3.Bg2 Bg4 4.c4 e6 5.O-O Nd7 6.d3 Ngf6 7.Nbd2 Be7 8.h3 Bh5
9.b3 O-O 10.Bb2 a5 11.a3 b5 12.Nd4 Qb6 13.cxb5 cxb5 14.g4 Bg6 15.f4 Bc5 16.Nf3 e5
17.b4 axb4 18.axb4 Bxb4 19.fxe5 Rxa1 20.Bxa1 Ne8 21.Qb3 Qc5 22.Kh1 Nc7 23.Rb1 Ba5
24.Bb2 Qb6 25.Ba3 Re8 26.Bd6 Nc5 27.Bxc7 Qxc7 28.Qxd5 Ne6 29.Qxb5 Rc8 30.Nxe6 fxe6
31.Nd4 Bd2 32.Nxe6 Qe7 33.Qb7  1-0

[Event "European Ind w Rapid 2012"]
[Site "Gaziantep TUR"]
[Date "2012.03.15"]
[Round "5"]
[White "Bezgodova,S"]
[Black "Kosintseva,T"]
[Result "0-1"]
[WhiteElo "2109"]
[BlackElo "2513"]

1.Nf3 d5 2.g3 Nf6 3.Bg2 e6 4.O-O Be7 5.d3 O-O 6.Nbd2 c5 7.e4 Nc6 8.e5 Nd7
9.Re1 b5 10.Nf1 Qc7 11.Qe2 b4 12.h4 a5 13.Bf4 Ba6 14.Ne3 c4 15.Nxd5 exd5
16.e6 Qd8 17.exd7 cxd3 18.cxd3 Qxd7 19.Rac1 Bf6 20.Bg5 Nd4 21.Qd2 Nxf3+ 22.Bxf3 Bd4
23.Qf4 Bxb2 24.Rc7 Qb5 25.d4 Bc3 26.Rd1 Rac8 27.Ra7 Qb6 28.Rd7 Bc4 29.Be7 Rfe8
30.Bc5 Qf6 31.Qxf6 gxf6 32.Bh5 Rf8 33.Bxf8 Rxf8 34.Ra7 Bxa2 35.Rxa5 Bc4 36.Bf3 b3
37.Rxd5 Bxd5 38.Bxd5 b2 39.Be4 Rd8 40.d5 Rd6 41.Kf1 h6 42.Ke2 f5 43.Bxf5 Kf8
44.Be4 Ke7 45.Kd3 Bg7 46.Kc4 Ra6 47.Kc5 Be5 48.f4 Bd6+ 49.Kb5 Ra3 50.g4 Rb3+
51.Ka5 Bxf4 52.Bf5 Kd6 53.Ka4 Rc3 54.Rd4 Bc1 55.Rb4 Ra3+ 56.Kb5 Kxd5 57.h5 Rc3
58.Kb6 Be3+ 59.Kb7 Bc1 60.Bb1 Kc5 61.Rb6 Ra3 62.Bf5 Ra4 63.Rc6+ Kd5 64.Rb6 Kc5
65.Rc6+ Kb4 66.Rc7 Ra5 67.Bd3 f6 68.Rc6 Bg5 69.Rb6+ Kc3 70.Bg6 Ra4 71.Bf5 Rb4
72.Rxb4 Kxb4 73.Kc6 Kb3 74.Bb1 Kc3  0-1

[Event "European Ind w Rapid 2012"]
[Site "Gaziantep TUR"]
[Date "2012.03.15"]
[Round "9"]
[White "Dzagnidze,N"]
[Black "Gunina,V"]
[Result "1/2-1/2"]
[WhiteElo "2559"]
[BlackElo "2511"]

1.Nf3 d5 2.g3 Nf6 3.Bg2 c6 4.O-O Bg4 5.d3 e6 6.Nbd2 Be7 7.h3 Bh5 8.e4 O-O
9.Qe2 Nbd7 10.e5 Ne8 11.g4 Bg6 12.b3 f5 13.exf6 Bxf6 14.Ba3 Bxa1 15.Bxf8 Bc3
16.Ba3 Qf6 17.Nb1 Ba5 18.c4 d4 19.Nbd2 e5 20.Ne4 Bxe4 21.Qxe4 Nd6 22.Qe2 Re8
23.Nd2 Bxd2 24.Qxd2 Nf8 25.f4 Ng6 26.fxe5 Qxe5 27.Bb4 Re6 28.Qf2 Rf6 29.Qe1 Rxf1+
30.Bxf1 Qf6 31.Qf2 Qe5 32.Bd2 h6 33.Bg2 Kh7 34.b4 c5 35.h4 cxb4 36.h5 Ne7
37.Bxb4 Kg8 38.Qf3 b6 39.Kh1 a5 40.Bd2 Qe6 41.Bf4 Ne8 42.Kh2 Nf6 43.Kg3 Nc6
44.Bh3 Qe1+ 45.Kh2 Ne5 46.Bxe5 Qxe5+ 47.Kg2 b5 48.cxb5 Qxb5 49.Kg3 Qe5+ 50.Kf2 Qg5
51.Qa8+ Kh7 52.Qf3 Qe5 53.Bg2 Qg5 54.Bh3 Kg8 55.Qa8+ Kf7 56.Qb7+ Kf8 57.Qc8+ Ke7
58.Qb7+ Nd7 59.Qe4+ Qe5 60.Kf3 Kd6 61.g5 Nc5 62.Qg6+ Kc7 63.gxh6 Qe3+ 64.Kg2 gxh6
65.Bf5 Qe2+ 66.Kg3 Qe1+ 67.Kg2 Qd2+ 68.Kf3 Qe3+ 69.Kg2 a4 70.a3 Qe2+ 71.Kg3 Qe5+
72.Kg2 Qe2+ 73.Kg3 Qe3+ 74.Kg2 Qd2+ 75.Kg3 Qe1+ 76.Kg2 Qe3 77.Kh2 Qf2+ 78.Kh3 Qf1+
79.Kh2 Qe2+ 80.Kg3  1/2-1/2

[Event "European Ind w Rapid 2012"]
[Site "Gaziantep TUR"]
[Date "2012.03.15"]
[Round "10"]
[White "Javakhishvili,L"]
[Black "Bezgodova,M"]
[Result "1-0"]
[WhiteElo "2448"]
[BlackElo "2200"]

1.Nf3 d5 2.g3 c5 3.Bg2 Nc6 4.O-O Nf6 5.d3 e5 6.e4 d4 7.Nbd2 Be7 8.Nc4 Qc7
9.a4 Be6 10.Nfd2 O-O 11.h3 Nd7 12.f4 f5 13.exf5 Bxf5 14.g4 Bg6 15.f5 Bf7
16.Ne4 Nf6 17.g5 Nxe4 18.Bxe4 Qd8 19.Qg4 Qd7 20.Qg2 g6 21.f6 Bd6 22.Bd2 Be6
23.Kh2 Kf7 24.Be1 Bc7 25.Bd2 Bd6 26.Be1 Bc7 27.Bg3 Rad8 28.Rae1 Bd5 29.Nd2 Rfe8
30.Qf3 Nb4 31.Qd1 Be6 32.Nc4 Bd5 33.b3 a6 34.a5 Nc6 35.Qa1 Nb4 36.Qc1 Na2
37.Qa3 Nb4 38.Rf2 Qc6 39.Rfe2 Bxe4 40.Rxe4 Nxc2 41.Qc1 Nxe1 42.Qxe1 Qd5 43.Kg1 Kf8
44.Bh2 Qe6 45.Qh4 Rd7 46.Bxe5 Qf5 47.Bxc7 Rxe4 48.dxe4 Qf3 49.Qf2 Qxf2+ 50.Kxf2 Rxc7
51.e5 Kf7 52.Kf3 Ke6 53.Ke4 Rd7 54.Nb2 d3 55.Nxd3 Rd4+ 56.Ke3 Kf5 57.f7 Rd8
58.Nxc5 Rf8 59.e6 Kxg5 60.e7 Ra8 61.Ke4  1-0

[Event "European Ind w Rapid 2012"]
[Site "Gaziantep TUR"]
[Date "2012.03.16"]
[Round "7"]
[White "Khotenashvili,B"]
[Black "Kosintseva,T"]
[Result "0-1"]
[WhiteElo "2490"]
[BlackElo "2513"]

1.Nf3 d5 2.g3 c6 3.Bg2 Bg4 4.d3 Nd7 5.Nbd2 e6 6.O-O Bd6 7.e4 Ne7 8.h3 Bh5
9.Re1 f6 10.exd5 exd5 11.Nb3 O-O 12.Nbd4 Re8 13.Bf4 Bxf4 14.Ne6 Qb6 15.Nxf4 Bf7
16.Qd2 Nf5 17.c3 Nd6 18.h4 Ne5 19.h5 Nf5 20.d4 Nxf3+ 21.Bxf3 h6 22.b3 Nd6
23.Rxe8+ Rxe8 24.Re1 Qd8 25.Qe3 Qd7 26.Bg2 Kf8 27.Qd3 Qe7 28.Bf3 Qxe1+ 29.Kg2 Kg8  0-1

[Event "TCh-CAT 2012"]
[Site "Catalunya ESP"]
[Date "2012.03.17"]
[Round "8.2"]
[White "Valdes,Le"]
[Black "Fluvia Poyatos,Joa"]
[Result "0-1"]
[WhiteElo "2393"]
[BlackElo "2490"]

1.Nf3 d5 2.g3 Bg4 3.Bg2 Nd7 4.O-O e6 5.d4 Ngf6 6.Nbd2 h6 7.c4 c6 8.b3 a5
9.a3 Be7 10.Bb2 O-O 11.Re1 Bh5 12.e4 dxe4 13.Nxe4 Nxe4 14.Rxe4 Bf6 15.Re3 Qb6
16.Qe1 Rfd8 17.c5 Qc7 18.Rc1 Bxf3 19.Rxf3 e5 20.Rxf6 Nxf6 21.dxe5 Ne8 22.Bh3 Qe7
23.e6 Nc7 24.exf7+ Qxf7 25.Bf1 a4 26.Rc4 Rd7 27.Rg4 Qf5 28.Bc4+ Kh7 29.Re4 Rad8
30.Kg2 Qxc5 31.Re5 Qd6 32.bxa4 Kh8 33.Bc3 b5 34.Bb4 c5 35.Bxb5 Nxb5 36.Re8+ Rxe8
37.Qxe8+ Kh7  0-1

[Event "ch-Moscow Final 2012"]
[Site "Moscow RUS"]
[Date "2012.03.17"]
[Round "8"]
[White "Belous,V"]
[Black "Eliseev,U"]
[Result "1/2-1/2"]
[WhiteElo "2524"]
[BlackElo "2473"]

1.Nf3 d5 2.g3 Nf6 3.Bg2 c6 4.O-O Bf5 5.d3 h6 6.Nbd2 e6 7.Qe1 Be7 8.e4 Bh7
9.Qe2 O-O 10.Re1 Qc7 11.b3 a5 12.a3 c5 13.exd5 Nxd5 14.Bb2 Nc6 15.a4 Rad8
16.Nc4 Ndb4 17.Rad1 Rfe8 18.h4 Bf8 19.h5 e5 20.Nh4 Nd4 21.Bxd4 cxd4 22.Be4 Nd5
23.Qf3 Bxe4 24.dxe4 Nb6 25.Nxb6 Qxb6 26.Nf5 Rc8 27.Re2 Rc3 28.Rd3 Rec8 29.Rxc3 Rxc3
30.Qg4 Kh7 31.Rd2 Qc6 32.Qe2 Ba3 33.Qg4 Qf6 34.Qd1 Qc6 35.Qg4 Bf8 36.Qe2 Bb4
37.Qg4 Bf8  1/2-1/2

[Event "TCh-BEL 2011-12"]
[Site "Belgium BEL"]
[Date "2012.03.18"]
[Round "10.7"]
[White "Mundorf,J"]
[Black "Dejasse,Daniel"]
[Result "1-0"]
[WhiteElo "2080"]
[BlackElo "1667"]

1.Nf3 d5 2.g3 Nc6 3.d4 Bf5 4.Bg2 e6 5.O-O Nf6 6.c3 Bd6 7.Bg5 h6 8.Bxf6 Qxf6
9.Nfd2 O-O-O 10.e4 dxe4 11.Nxe4 Qe7 12.Nxd6+ cxd6 13.d5 Ne5 14.Qd4 Kb8 15.Nd2 g5
16.dxe6 fxe6 17.Nc4 Nxc4 18.Qxc4 h5 19.Rad1 g4 20.Rd2 h4 21.Qf4 hxg3 22.fxg3 Ka8
23.Bh1 Qh7 24.Rff2 d5 25.Bxd5 exd5 26.Qxf5 Qd7 27.Qxd7 Rxd7 28.Rf5  1-0

[Event "TCh-CZE Liga1 Vychod"]
[Site "Czech Rep CZE"]
[Date "2012.03.18"]
[Round "10"]
[White "Senkyr,M"]
[Black "Navratil,F"]
[Result "1-0"]
[WhiteElo "2202"]
[BlackElo "2193"]

1.Nf3 d5 2.g3 c6 3.Bg2 Bf5 4.O-O e6 5.d3 h6 6.Nbd2 Nf6 7.b3 Nbd7 8.Bb2 Qc7
9.c4 Be7 10.Rc1 O-O 11.Rc2 Qa5 12.Qa1 Ba3 13.h3 Rad8 14.Rb1 Bxb2 15.Qxb2 Rc8
16.b4 Qd8 17.Qa3 a6 18.Rbc1 Qe7 19.Nb3 Bg6 20.cxd5 exd5 21.Nbd4 Nb8 22.Qb2 Nfd7
23.Nh4 Nf6 24.g4 Nbd7 25.a4 Rb8 26.b5 axb5 27.axb5 c5 28.Ndf5 Qe6 29.Nxg6 fxg6
30.Bxd5  1-0

[Event "TCh-CZE Liga1 Vychod"]
[Site "Czech Rep CZE"]
[Date "2012.03.18"]
[Round "10.6"]
[White "Sedlacek,O"]
[Black "Beil,M"]
[Result "1/2-1/2"]
[WhiteElo "2259"]
[BlackElo "2174"]

1.Nf3 d5 2.g3 Nf6 3.Bg2 e6 4.O-O Be7 5.c4 O-O 6.d4 a5 7.Nc3 Na6 8.Bf4 Nh5
9.Be3 c6 10.Rc1 Nc7 11.Na4 Nf6 12.c5 Re8 13.Nb6 Ra6 14.Ne5 Na8 15.Na4 Nd7
16.Nxd7 Bxd7 17.Bf4 Bf8 18.Qd3 f6 19.e4 e5 20.Be3 Be6 21.exd5 Bxd5 22.Nc3 Bxg2
23.Kxg2 Nc7 24.Rfd1 Ra8 25.Qc4+ Nd5 26.dxe5 Rxe5 27.Bf4 Rf5 28.Bd6 b5 29.Qe4 Nxc3
30.bxc3 Qc8 31.Bxf8 Re5 32.Qf3 Qxf8 33.Qxc6 Rxc5 34.Qb6 b4 35.Rd7 bxc3 36.Qb3+ Kh8
37.Rxc3 Rxc3 38.Qxc3 h6 39.Qc7 a4 40.Qc4 Qc8 41.Qxc8+ Rxc8 42.Rd4 a3 43.Rd3 Ra8
44.Kf3 Kh7 45.Ke3 Kg6 46.Kd2 Kf5 47.Kc2 Kg4 48.h4 h5 49.Rd4+ Kh3 50.Kb3 g5
51.Rd5 Kg4 52.Rd6 gxh4 53.Rd4+ Kf3 54.Rf4+ Kg2 55.gxh4 Kh3 56.Kb4  1/2-1/2

[Event "TCh-SUI National A 2012"]
[Site "Switzerland SUI"]
[Date "2012.03.18"]
[Round "1.5"]
[White "Forster,Ri"]
[Black "Grandadam,N"]
[Result "1/2-1/2"]
[WhiteElo "2459"]
[BlackElo "2361"]

1.Nf3 d5 2.g3 Bg4 3.Bg2 Nd7 4.c4 e6 5.Qa4 c6 6.cxd5 Bxf3 7.Bxf3 cxd5 8.O-O Bd6
9.Nc3 Nf6 10.d3 O-O 11.e4 Nc5 12.Qc2 Rc8 13.Be3 dxe4 14.dxe4 Be5 15.Rfd1 Qa5
16.Rac1 b5 17.Ne2 Nfd7 18.Rxd7 Nxd7 19.Qxc8 Rxc8 20.Rxc8+ Nf8 21.Bc5 h6 22.Rxf8+ Kh7
23.Rxf7 Qxa2 24.Rxa7 Qxb2 25.Rb7 Qb3 26.Kg2 Qc4 27.Be3 b4 28.Bf4 Ba1 29.Nc1 e5
30.Bd2 Qc2 31.Bxb4 Qxc1 32.Bf8 Qc2 33.Rxg7+ Kh8 34.Rf7 Bd4 35.Bxh6 Qxf2+
36.Kh3 Qf1+ 37.Kh4 Qg1 38.h3 Bf2 39.Rf8+ Kh7 40.Kh5 Qxg3 41.Rf7+ Kg8 42.Rf8+ Kh7
43.Rf7+ Kg8 44.Rg7+ Qxg7 45.Bxg7 Kxg7 46.Bg4  1/2-1/2

[Event "TCh-SUI National A 2012"]
[Site "Switzerland SUI"]
[Date "2012.03.18"]
[Round "1.4"]
[White "Mohajerin,P"]
[Black "Preissmann,E"]
[Result "1-0"]
[WhiteElo "2429"]
[BlackElo "2266"]

1.Nf3 d5 2.g3 Nf6 3.c4 e6 4.b3 Bd6 5.Bg2 O-O 6.O-O Nbd7 7.d4 c6 8.Nc3 b6
9.Qc2 Bb7 10.e4 Nxe4 11.Nxe4 dxe4 12.Ng5 Nf6 13.Nxe4 Nxe4 14.Bxe4 f5 15.Bg2 e5
16.c5 bxc5 17.dxe5 Bxe5 18.Bb2 Bxb2 19.Qxb2 Qd4 20.Qc2 Rad8 21.Rfd1 Qb4 22.Rxd8 Rxd8
23.Qxf5 Re8 24.Qd7 Re1+ 25.Rxe1 Qxe1+ 26.Bf1 Ba6 27.Qd8+ Kf7 28.Qc7+  1-0

[Event "TCh-SUI National A 2012"]
[Site "Switzerland SUI"]
[Date "2012.03.18"]
[Round "1.2"]
[White "Hickl,J"]
[Black "Jussupow,Ar"]
[Result "1/2-1/2"]
[WhiteElo "2561"]
[BlackElo "2578"]

1.g3 d5 2.Nf3 Nf6 3.Bg2 Bf5 4.c4 e6 5.Qb3 Na6 6.d3 c6 7.Be3 Bb4+ 8.Nc3 Qe7
9.O-O O-O 10.a3 Bd6 11.Qa2 h6 12.b4 Bh7 13.Bd2 Rac8 14.Rfe1 Rfd8 15.e4 dxe4
16.dxe4 e5 17.Bh3 Ra8 18.c5 Bb8 19.Rad1 Nc7 20.Nh4 a5 21.Qb1 axb4 22.axb4 Ne6
23.Nf5 Qf8 24.Be3 Bc7 25.Qb3 Ng5 26.Bg2 Ngxe4 27.Nxe4 Bxf5 28.Nxf6+ gxf6
29.b5 Ba5 30.Rxd8 Rxd8 31.Rc1 Rd3 32.Qa4 Qd8 33.bxc6 bxc6 34.Bxc6 Rxe3 35.fxe3 Qd2
36.Rf1 Bh3 37.Rb1 Qxe3+ 38.Kh1 Qxc5 39.Bg2 Be6 40.Qe8+ Kg7 41.Qb5 Qc2 42.Rf1 Qd2
43.Qb1 f5 44.Rxf5 Bxf5 45.Qxf5 Qd1+ 46.Bf1 Qd5+ 47.Bg2 Qd6 48.Be4 Bb6 49.Kg2 Kf8
50.Kh3 Ke7 51.Kg2 Be3 52.Kh3 Bd4 53.Qc8 Bg1 54.Qb7+ Qd7+ 55.Qxd7+ Kxd7 56.g4 Kd6
57.Kg2 Be3 58.h4  1/2-1/2

[Event "13th EICC"]
[Site "Plovdiv BUL"]
[Date "2012.03.21"]
[Round "2.7"]
[White "Laznicka,V"]
[Black "Ter Sahakyan,S"]
[Result "1/2-1/2"]
[WhiteElo "2702"]
[BlackElo "2578"]

1.Nf3 d5 2.g3 Nf6 3.Bg2 c6 4.O-O Bg4 5.d3 Nbd7 6.Qe1 e5 7.e4 dxe4 8.dxe4 Bc5
9.Nbd2 O-O 10.h3 Bh5 11.a4 Re8 12.Nc4 Nb6 13.Na5 Qc7 14.Nh4 Nfd7 15.Nb3 Bf8
16.Qc3 a5 17.g4 Bg6 18.Nxg6 hxg6 19.g5 Bb4 20.Qg3 Nc5 21.Nxc5 Bxc5 22.h4 Nd7
23.b3 Bd4 24.Ra2 Nf8 25.Bh3 Rad8 26.c3 Bc5 27.Rd2 Qb6 28.Rxd8 Rxd8 29.c4 Bd4
30.Kg2 Qb4 31.Bg4 Bc3 32.Rh1 Bd2 33.Rd1 Bf4 34.Bxf4 exf4 35.Qxf4 Rxd1 36.Bxd1 Ne6
37.Qe3 Qd6 38.Bg4 Nf4+ 39.Kg3 Nh5+ 40.Kg2 Nf4+ 41.Kf3 Nd3 42.Bc8 Ne5+ 43.Kg2 Qd1
44.f4 Nd3 45.e5 Ne1+ 46.Kf2 Nc2 47.Qe2 Qh1 48.Kg3 Qg1+ 49.Qg2 Qe3+ 50.Qf3 Qe1+
51.Qf2 Qc3+ 52.Qf3 Qe1+ 53.Qf2 Qc3+ 54.Qf3 Qe1+  1/2-1/2

[Event "13th EICC"]
[Site "Plovdiv BUL"]
[Date "2012.03.21"]
[Round "2.168"]
[White "Vdovenko,Volodymyr"]
[Black "Grandadam,N"]
[Result "0-1"]
[WhiteElo "1784"]
[BlackElo "2361"]

1.Nf3 d5 2.g3 Bg4 3.Bg2 Nd7 4.O-O c6 5.d3 e6 6.Nbd2 Bd6 7.Re1 Ne7 8.h3 Bh5
9.a3 Qb6 10.Nf1 a5 11.e4 a4 12.Qe2 c5 13.g4 Bg6 14.h4 h5 15.g5 Rc8 16.Bh3 dxe4
17.dxe4 c4 18.c3 Qa6 19.Nd4 Nc5 20.Nd2 Nd3 21.Rd1 Bf4 22.Qf3 Nc6 23.Nxc4 Qxc4
24.Qxd3 Qxd3 25.Rxd3 Bxe4 26.Rd1 Bxc1 27.Raxc1 Ke7 28.Re1 Bg6 29.Bf1 Nxd4
30.cxd4 Kd6 31.Bb5 Bc2 32.Re5 b6 33.f3 Bb3 34.Rc3 f6 35.gxf6 Rxc3 36.bxc3 gxf6
37.Re3 Ra8 38.Kf2 Ra5 39.Bd3 Kd5 40.f4 Bd1 41.Re1 Bb3 42.Ke3 Bc4 43.Be4+ Kd6
44.Rb1 Kc7 45.Bg6 Ra8 46.Be4 Rg8 47.Bf3 Bd5 48.Bxh5 Rh8 49.Bd1 Rxh4 50.Bxa4 Rh3+
51.Kd2 Rf3 52.Rg1 Rxf4 53.Rg7+ Kb8 54.Bb5 Rf2+ 55.Kc1 e5 56.Rd7 Be4 57.Rd8+ Kc7
58.Rd7+ Kc8 59.Ba4 Ra2 60.dxe5 fxe5 61.Ra7 Kb8 62.Re7 Rxa3 63.Rxe5 Rxa4 64.Kb2 Bc6
65.Re7 Rh4 66.Rg7 Bb7 67.Re7 Ka7 68.Kb3 Ka6 69.Rg7 Rh2  0-1

[Event "13th EICC"]
[Site "Plovdiv BUL"]
[Date "2012.03.21"]
[Round "2.125"]
[White "Pop,A"]
[Black "Fodor,T jr"]
[Result "0-1"]
[WhiteElo "2272"]
[BlackElo "2482"]

1.Nf3 d5 2.g3 c6 3.c4 Nf6 4.Bg2 Nbd7 5.O-O e6 6.d4 Be7 7.Qc2 O-O 8.Nbd2 b6
9.e4 dxe4 10.Nxe4 Bb7 11.Rd1 Nxe4 12.Qxe4 Nf6 13.Qe2 Qc8 14.Bf4 Re8 15.c5 Nd5
16.Bg5 f6 17.Bh3 Bf8 18.Re1 bxc5 19.dxc5 Bxc5 20.Qc4 Bb6 21.Bxf6 gxf6 22.Bxe6+ Rxe6
23.Qg4+ Kf7 24.Qh5+ Kf8 25.Qxh7 Rxe1+ 26.Rxe1 Qg4 27.Nh4 Qg7  0-1

[Event "ch-SRB Women 2012"]
[Site "Kac SRB"]
[Date "2012.03.22"]
[Round "1"]
[White "Chelushkina,I"]
[Black "Manakova,M"]
[Result "1/2-1/2"]
[WhiteElo "2263"]
[BlackElo "2315"]

1.g3 d5 2.Nf3 Nf6 3.Bg2 e6 4.O-O Be7 5.d3 c5 6.c4 Nc6 7.Na3 O-O 8.Bf4 b6
9.e4 Bb7 10.e5 Ne8 11.h4 a6 12.Re1 Nc7 13.Nc2 b5 14.b3 a5 15.Nd2 bxc4 16.dxc4 Nb4
17.Nxb4 axb4 18.Qg4 Kh8 19.Red1 Qc8 20.Bg5 f6 21.exf6 gxf6 22.Bh6 Rg8 23.Qh5 Qe8
24.Qxe8 Rgxe8 25.Re1 Bd6 26.cxd5 exd5 27.Rxe8+ Nxe8 28.Nf1 Be5 29.Rc1 Rxa2
30.Rxc5 Bd4 31.Rb5 Nd6 32.Rxb4 Bxf2+ 33.Kh1 Bc5 34.Ra4  1/2-1/2

[Event "13th EICC"]
[Site "Plovdiv BUL"]
[Date "2012.03.22"]
[Round "3.163"]
[White "Safronov,Kirill"]
[Black "Nikolova,A"]
[Result "0-1"]
[WhiteElo "2017"]
[BlackElo "2293"]

1.Nf3 d5 2.g3 c5 3.Bg2 Nc6 4.O-O g6 5.d3 Nf6 6.Nbd2 Bg7 7.e4 O-O 8.exd5 Nxd5
9.Ne4 b6 10.Rb1 h6 11.Bd2 Bb7 12.Qc1 Kh7 13.a4 Rc8 14.Nc3 Ndb4 15.h4 Qd7
16.Kh2 Nd4 17.Ne1 Bxg2 18.Kxg2 Qc6+ 19.f3 f5 20.Qd1 e5 21.Ne2 Nxe2 22.Qxe2 Qxa4
23.Bc3 Rce8 24.b3 Qb5 25.Ba1 Qc6 26.c3 Nd5 27.Nc2 Nf6 28.Kh2 Rd8 29.c4 Rfe8
30.Rbe1 Nh5 31.Qd1 Qd6 32.Ne3 f4 33.Nd5 fxg3+ 34.Kg1 Rf8 35.Qe2 Nf4 36.Nxf4 Rxf4
37.Bxe5 Bxe5 38.Qxe5 Qxe5 39.Rxe5 Rxd3 40.Re7+ Kg8 41.Rxa7 Rfxf3 42.Re1 Rf7
43.Ra6 Rxb3 44.Re6 Kg7 45.Raxb6 Rxb6 46.Rxb6 Rf4 47.Rb7+ Kf6 48.Rb6+ Kf5
49.Kg2 Rxh4 50.Kxg3 Rxc4 51.Rb8 Rc3+ 52.Kg2 Kg4 53.Rf8 Rc2+ 54.Kh1 Kg3 55.Rf1 g5
56.Rg1+ Kh3  0-1

[Event "13th EICC"]
[Site "Plovdiv BUL"]
[Date "2012.03.23"]
[Round "4.26"]
[White "Azaladze,S"]
[Black "Beliavsky,A"]
[Result "1-0"]
[WhiteElo "2419"]
[BlackElo "2630"]

1.Nf3 d5 2.g3 c6 3.Bg2 Bg4 4.O-O Nd7 5.d3 e5 6.Nbd2 Ngf6 7.e4 Bd6 8.h3 Bh5
9.exd5 cxd5 10.c4 O-O 11.cxd5 Nxd5 12.Qb3 N7b6 13.Nc4 Re8 14.Nxb6 Nxb6 15.Be3 Bf8
16.Rfe1 Qd6 17.Nd2 Rad8 18.Bxb7 Qxd3 19.Qxd3 Rxd3 20.Be4 Rdd8 21.Rec1 Bg6
22.Bxg6 hxg6 23.Nc4 Re6 24.Nxb6 axb6 25.Rc7 b5 26.a3 Re7 27.Rc5 Rb8 28.Rac1 f6
29.Rc8 Re8 30.Rxe8 Rxe8 31.Rc7 Rd8 32.Rb7 Rd5 33.Kf1 e4 34.h4 Bd6 35.Ke2 Be5
36.b3 Bb2 37.a4 bxa4 38.bxa4 Bc3 39.Rb3 Be5 40.Bb6 Rd6 41.a5 Rc6 42.a6 Rc2+
43.Ke3 Ra2 44.a7 Kf7 45.Kxe4 Ke6 46.Be3  1-0

[Event "13th EICC"]
[Site "Plovdiv BUL"]
[Date "2012.03.23"]
[Round "4.73"]
[White "Efimenko,Z"]
[Black "Berescu,A"]
[Result "1/2-1/2"]
[WhiteElo "2695"]
[BlackElo "2494"]

1.Nf3 d5 2.g3 Nf6 3.Bg2 c6 4.O-O Bg4 5.d3 Nbd7 6.c4 Bxf3 7.exf3 e6 8.f4 g6
9.b3 Bg7 10.Ba3 Ng8 11.d4 Ne7 12.Nd2 Qa5 13.Bb2 O-O 14.Qc2 Rfd8 15.Rfd1 Nf5
16.Nf3 Rac8 17.Bc3 Qa3 18.Bb2 Qa5 19.Bh3 Ne7 20.a3 dxc4 21.bxc4 b5 22.c5 Nd5
23.Nd2 Qc7 24.a4 a6 25.Bg2 N7f6 26.Nf3 Rb8 27.a5 Ne7 28.h4 h5 29.Ne5 Nd7
30.Nd3 Nf6 31.Qe2 Ng4 32.Nb4 Ra8 33.Bf3 Nh6 34.Bc3 Nhf5 35.Qb2 Rd7 36.Rd3 Qb7
37.Rad1 Rad8 38.Be4 Qc8 39.R1d2 Nh6 40.Qa1 Nhf5 41.Qd1 Nh6 42.Bf3 Nhf5 43.Kh2 Nh6
44.Qh1 Rc7 45.Kg1 Kh7 46.Qg2 Kg8 47.Kf1 Kf8 48.Rd1 Nhf5 49.R3d2 Kg8 50.Kg1 Kf8
51.Bb2 Kg8 52.Be4 Nh6 53.Bf3 Nhf5 54.Be4 Nh6 55.Bf3 Nhf5  1/2-1/2

[Event "13th EICC"]
[Site "Plovdiv BUL"]
[Date "2012.03.23"]
[Round "4.40"]
[White "Prohaszka,P2"]
[Black "Balogh,C"]
[Result "1/2-1/2"]
[WhiteElo "2553"]
[BlackElo "2664"]

1.Nf3 d5 2.g3 c6 3.Bg2 Bg4 4.c4 Nf6 5.O-O e6 6.d3 Be7 7.Qb3 Qb6 8.Nc3 Qxb3
9.axb3 Nfd7 10.h3 Bh5 11.cxd5 exd5 12.Nd4 O-O 13.f4 f6 14.Nxd5 cxd5 15.Bxd5+ Bf7
16.Bxb7 Nb6 17.Bxa8 Nxa8 18.Rxa7 Bc5 19.Rxa8 Bxd4+ 20.e3 Bb6 21.Bd2 Rd8 22.d4 Bd5
23.Ra4 Nc6 24.Kf2 f5 25.Rc1 Rb8 26.Ra6 h5 27.b4 Na7 28.b5 Nxb5 29.Ba5 Bxa5
30.Rxa5 Be4 31.Ra6 Rb7 32.Ra8+ Kh7 33.Rcc8 Na7 34.Rh8+ Kg6 35.Rab8 Rc7 36.Rb6+ Kf7
37.Rxh5 Rc2+ 38.Ke1 Nc6 39.Rb5 Ne7 40.Kd1 Rh2 41.g4 Nd5 42.Rxd5 Bxd5 43.Rxf5+ Ke6
44.Re5+ Kd6 45.e4 Bb3+ 46.Ke1 Rxh3 47.Kf2 Bd1 48.f5 Rf3+ 49.Kg2 Rf4 50.Re6+ Kd7
51.Rg6 Rxe4 52.Rxg7+ Ke8 53.g5 Rxd4 54.f6 Kf8 55.Kf2 Bh5 56.Ke3 Rb4 57.Rh7 Bg6
58.Rg7 Bh5 59.g6 Bxg6 60.Rxg6 Rxb2  1/2-1/2

[Event "ch-SRB Women 2012"]
[Site "Kac SRB"]
[Date "2012.03.24"]
[Round "3"]
[White "Chelushkina,I"]
[Black "Panic,A"]
[Result "1/2-1/2"]
[WhiteElo "2263"]
[BlackElo "1966"]

1.g3 d5 2.Nf3 Nf6 3.Bg2 c6 4.d3 Bg4 5.Nbd2 Nbd7 6.h3 Bh5 7.c4 e6 8.O-O Be7
9.cxd5 cxd5 10.b4 O-O 11.a3 Ne8 12.Nb3 Rc8 13.Be3 b6 14.Rc1 Rxc1 15.Qxc1 e5
16.g4 Bg6 17.d4 e4 18.Ne5 Nb8 19.f4 f6 20.Nc6 Nxc6 21.Qxc6 f5 22.Rc1 Bd6
23.g5 Bb8 24.Nd2 Qd6 25.Nb1 Qxc6 26.Rxc6 Nd6 27.Bd2 Rc8 28.Rxc8+ Nxc8 29.Nc3 Bf7
30.e3 g6 31.Bf1 Be6 32.Bb5 Ne7 33.Kf2 Kf7 34.h4 Bc8 35.Ba4 Ke6 36.h5 a6 37.Bd1 Bb7
38.Be2 Bd6 39.Na2 b5 40.Nc1 Bb8 41.Nb3 Bc8 42.Nc5+ Kd6 43.h6 Kc6 44.a4 Kb6
45.Ke1 Kc6 46.Kd1 Kb6 47.Kc2 Kc6 48.Kb2 Kb6 49.Bc3 Kc6 50.Bd1 Bc7 51.Nb3 Kb6
52.Nd2 Kc6 53.Nf1 Bd7 54.Ng3 Be8 55.Be2 Kb6 56.axb5 axb5 57.Bf1 Kc6 58.Bd2 Kb6
59.Ne2 Bd7 60.Nc3 Bc6 61.Na2 Bd6 62.Nc1 Bd7 63.Nb3 Bc8 64.Nc5 Kc6 65.Be2  1/2-1/2

[Event "13th EICC"]
[Site "Plovdiv BUL"]
[Date "2012.03.24"]
[Round "5.47"]
[White "Petrosian,TL"]
[Black "Guliyev,N"]
[Result "1/2-1/2"]
[WhiteElo "2643"]
[BlackElo "2532"]

1.Nf3 d5 2.g3 c6 3.Bg2 Bg4 4.c4 e6 5.cxd5 exd5 6.O-O Nf6 7.d3 Nbd7 8.Nc3 Be7
9.Qc2 O-O 10.e4 Nc5 11.Ne5 Be6 12.Rd1 a5 13.Ne2 Qc7 14.Bf4 Bd6 15.Nf3 Bxf4
16.Nxf4 Nxd3 17.Nxe6 fxe6 18.Qxd3 dxe4 19.Qe2 exf3 20.Qxe6+ Qf7 21.Qxf7+ Kxf7
22.Bxf3 Rad8 23.h4 Rxd1+ 24.Rxd1 Ke7 25.Kg2 Rd8 26.Rxd8 Kxd8 27.Bd1 Ke7 28.Kf3 Kd6
29.Kf4 b5 30.g4 Nd5+ 31.Ke4 a4 32.a3 c5 33.g5 c4 34.Kd4 Nf4 35.Bc2 h6 36.gxh6 gxh6
37.Ke4 Ng6 38.h5 Ne7 39.Kd4 Nc6+ 40.Ke4 Ne7 41.Kd4 Nd5 42.Bg6 Nf4 43.Be8 Ne6+
44.Ke4 Nc7 45.Bf7 Ke7 46.Bg6 b4 47.Kd4 c3 48.Kc4 cxb2 49.axb4 Kd6 50.Bb1 Nd5
51.b5 Nf4 52.Kb4 Nd5+ 53.Kc4 Nb6+ 54.Kb4 Kd5 55.f4 Kd4 56.f5 Ke5 57.Bc2 Kd4
58.Bb1 Ke5 59.Bc2 Kd4 60.f6 Nd5+ 61.Ka3 Nxf6 62.b6 Kc5 63.b7 Nd7 64.Kxb2 Kb6
65.Bxa4 Kxb7 66.Bxd7 Kc7 67.Ba4 Kd6 68.Kc3 Ke5 69.Bd1 Kf6 70.Kd4 Kg7 71.Ke5 Kh8
72.Kf6 Kg8 73.Kg6 Kh8 74.Bb3  1/2-1/2

[Event "13th EICC"]
[Site "Plovdiv BUL"]
[Date "2012.03.24"]
[Round "5.25"]
[White "Pantsulaia,L"]
[Black "Sargissian,G"]
[Result "1/2-1/2"]
[WhiteElo "2595"]
[BlackElo "2674"]

1.Nf3 d5 2.g3 Nf6 3.Bg2 g6 4.c4 c6 5.b3 Bg7 6.Bb2 O-O 7.O-O Bg4 8.d3 Bxf3
9.Bxf3 e6 10.Nc3 Nbd7 11.d4 Re8 12.e3 a6 13.Qc2 Qe7 14.Rac1 Qb4 15.Ne2 Qe7
16.Nf4 Bh6 17.Nd3 Bg7 18.Bc3 Ne4 19.Bxe4 dxe4 20.Nf4 f5 21.d5 Nf8 22.Bxg7 Kxg7
23.Rfd1 Rad8 24.dxe6 Nxe6 25.Nxe6+ Qxe6 26.Rd2 Rxd2 27.Qxd2 Qe5 28.Rd1 Re7
29.Qb4 g5 30.Rd8 Rf7 31.Qd2 f4 32.exf4 gxf4 33.Qd4 Qxd4 34.Rxd4 Re7 35.Rd6 e3
36.fxe3 fxg3 37.hxg3 Rxe3 38.Rd7+ Kf6 39.Rxh7 Rxg3+ 40.Kf2 Rg7 41.Rxg7 Kxg7
42.Ke3 Kf6 43.Kd4 b6 44.a4 Ke6 45.c5 b5 46.axb5 axb5 47.Ke4  1/2-1/2